| 000 -LEADER | |
|---|---|
| fixed length control field | 00633nam a22002057a 4500 |
| 005 - DATE AND TIME OF LATEST TRANSACTION | |
| control field | 20250420134816.0 |
| 008 - FIXED-LENGTH DATA ELEMENTS--GENERAL INFORMATION | |
| fixed length control field | 200809b ||||| |||| 00| 0 eng d |
| 020 ## - INTERNATIONAL STANDARD BOOK NUMBER | |
| International Standard Book Number | 9781606509098 |
| 040 ## - CATALOGING SOURCE | |
| Transcribing agency | KCST |
| 082 ## - DEWEY DECIMAL CLASSIFICATION NUMBER | |
| Classification number | 620.00151 |
| Item number | Re In |
| 100 ## - MAIN ENTRY--PERSONAL NAME | |
| Personal name | Reeping, David,; Reid, Kenneth, |
| 9 (RLIN) | 4957 |
| 245 ## - TITLE STATEMENT | |
| Title | Introductory engineering mathematics / |
| Statement of responsibility, etc. | David Reeping; Kenneth Reid |
| 260 ## - PUBLICATION, DISTRIBUTION, ETC. | |
| Place of publication, distribution, etc. | New York : |
| Name of publisher, distributor, etc. | Momentum Press, |
| Date of publication, distribution, etc. | 2017. |
| 300 ## - PHYSICAL DESCRIPTION | |
| Extent | p. |
| 440 ## - SERIES STATEMENT/ADDED ENTRY--TITLE | |
| Title | General engineering and K-12 engineering education collection |
| 9 (RLIN) | 4958 |
| 650 ## - SUBJECT ADDED ENTRY--TOPICAL TERM | |
| Topical term or geographic name entry element | Engineering mathematics. |
| 9 (RLIN) | 4959 |
| 700 ## - ADDED ENTRY--PERSONAL NAME | |
| Personal name | Reid, Kenneth |
| 9 (RLIN) | 4960 |
| 942 ## - ADDED ENTRY ELEMENTS (KOHA) | |
| Koha item type | Book |
| 942 ## - ADDED ENTRY ELEMENTS (KOHA) | |
| Source of classification or shelving scheme | Dewey Decimal Classification |
| Withdrawn status | Lost status | Source of classification or shelving scheme | Damaged status | Not for loan | Home library | Current library | Date acquired | Cost, normal purchase price | Total checkouts | Full call number | Barcode | Date last seen | Price effective from | Koha item type |
|---|---|---|---|---|---|---|---|---|---|---|---|---|---|---|
| Dewey Decimal Classification | KCST Library | KCST Library | 09/08/2020 | 22.12 | 620.00151 Re In | 1000000449 | 09/08/2020 | 09/08/2020 | Book |